书目信息 |
| 题名: |
世界数学史简编
|
|
| 作者: | 梁宗巨 著 | |
| 分册: | ||
| 出版信息: | 沈阳 辽宁人民出版社 1980 |
|
| 页数: | 538页 | |
| 开本: | 21cm | |
| 丛书名: | ||
| 单 册: | ||
| 中图分类: | O11 | |
| 科图分类: | ||
| 主题词: | 数学史--世界 | |
| 电子资源: | ||
| ISBN: | ||
| 000 | 00621nam0 2200241 45 | |
| 001 | 0180005249 | |
| 005 | 20040706124054.6 | |
| 010 | @dCNY2.45 | |
| 091 | @a7090.81 | |
| 100 | @a19950605d1980 em y0chiy0121 ea | |
| 101 | 0 | @achi |
| 102 | @aCN@b210000 | |
| 105 | @ay z 000yy | |
| 106 | @ar | |
| 200 | 10 | @a世界数学史简编@Ashi jie shu xue shi jian bian@f梁宗巨著 |
| 210 | @a沈阳@c辽宁人民出版社@d1980 | |
| 215 | @a538页@d21cm | |
| 606 | @a数学史@y世界 | |
| 690 | @aO11@v3 | |
| 701 | 0 | @a梁宗巨@Aliang zong ju@4著 |
| 801 | 0 | @aCN@b上海图书馆@c20040706 |
| 801 | 2 | @aCN@bNLC@c20040706 |
| 905 | @f1@b159988@dO11@e15 | |
| 世界数学史简编/梁宗巨著.-沈阳:辽宁人民出版社,1980 |
| 538页;21cm |
| ISBN :CNY2.45 |
| ● |
| 相关链接 |
|
|
|
|
正题名:世界数学史简编
索取号:O11/15
 
预约/预借
| 序号 | 登录号 | 条形码 | 馆藏地/架位号 | 状态 | 备注 |
| 1 | 0159988 | 001944007 | 第三借阅区/ [索取号:O11/15] | 在馆 | |
| 2 | 0159989 | 202092369 | 第二样本阅览室/ [索取号:O11/15] | 在馆 |